000 01048nam a22003377a 4500
003 CHAP
005 20220329133626.0
008 971013s1991 r 00010 d
010 _a8731
011 _a9703
035 _a8938
040 _cCHAP
090 _aFolleto 7314 v.38
110 _aInternational Board for Soil Research and Management
_959567
245 _aDescriptors for annual medicago
260 _aRome :
_bibpgr,
_c1991
300 _a33 p.
_b: ilus
500 _aEd. bilingue
590 _aBATCH-UPD
_b10
_c20130110
_lUCH01
_h1904
590 _aBATCH-UPD
_b10
_c20130410
_lUCH01
_h1231
590 _aBATCH-UPD
_b10
_c20130914
_lUCH01
_h1807
590 _aCONVERSION
_b10
_c20130109
_lUCH01
_h1306
650 1 4 _aAlfalfa
_xGenetica.
_93866
650 1 4 _aAlfalfa
_xGermoplasma.
_93869
650 1 4 _aMedicago.
_973896
650 1 4 _aRecursos genéticos.
_995078
901 _aBK
942 _cFOLL
949 _aFolleto 7314 v.38
_bBC
_cFOLL
_d-19355
_eTS1
_i8938
_mD
_si
949 _aFolleto 7314 v.38
_bBC
_cFOLL
_d-19356
_eTS2
_fc.2
_i8938
_mD
_si
999 _c8731
_d8731